| 000 | 01221aam a2200313 a 4500 | ||
|---|---|---|---|
| 001 | 015442492 | ||
| 003 | Uk | ||
| 005 | 20131028183801.0 | ||
| 008 | 110722s2012 enk rb 001 0 eng | ||
| 010 | _a2011029796 | ||
| 015 |
_aGBA9C2667 _2bnb |
||
| 020 | _a0415476275 (pbk.) | ||
| 020 | _a9780415476270 (pbk.) | ||
| 082 | 0 | 0 |
_a320.6 _222 _bJOH |
| 100 | 1 |
_aJohn, Peter, _d1960- _934265 |
|
| 240 | 1 | 0 | _aAnalysing public policy |
| 245 | 1 | 0 |
_aAnalyzing public policy / _cPeter John. |
| 250 | _a2nd ed. | ||
| 260 |
_aAbingdon, Oxon ; _aNew York : _bRoutledge, _c2012. |
||
| 300 |
_avii, 213 p. ; _c25 cm. |
||
| 490 | 1 | _aRoutledge textbooks in policy studies | |
| 500 | _aPrevious ed. published as: Analysing public policy. London ; New York : Pinter, 1998, in series: Critical political studies (Pinter (Firm)) | ||
| 504 | _aIncludes bibliographical references (p. 188-207) and index. | ||
| 505 | 0 | _aThe study of public policy -- Stages -- Institutions -- Groups and networks -- Exogenous determinants -- Rational actors -- Ideas -- A synthesis -- Conclusion. | |
| 650 | 0 |
_aPolicy sciences. _913225 |
|
| 653 |
_bPol _cOctober2013 |
||
| 830 | 0 |
_aRoutledge textbooks in policy studies. _934266 |
|
| 942 |
_2ddc _cBB |
||
| 999 |
_c17698 _d17670 |
||